000 00546nam a22001937a 4500
005 20221109093827.0
008 221109b ||||| |||| 00| 0 eng d
040 _cAL
041 _aeng
082 _223
_a032.092
_bLOKW
100 _aLok Sabha Secretariat
_961442
245 _aWhos who tenth lok sabha
260 _aNew Delhi
_bLok Sabha Secretariat
_c1992
300 _a928p.
_bHB
_c22x15cm.
650 _aBiographic Sketches
_961439
650 _aLok Sabha Secretariat
_961440
700 _aLOK SABHA SECRETARIAT
_961441
942 _2ddc
_cGF
999 _c225079
_d225079